Animali dai loro nomi scientifici - Statistics

Statistiche generali
  • Questo quiz è stato fatto 373 volte
  • Il punteggio medio è 9 su 16
Statistiche sulle risposte
Nome scientifico Nome Comune % Corretto
Canis lupus familiarisi Cane
99%
Felis silvestris catus Gatto
99%
Panthera tigris Tigre
99%
Sus scrofa domesticus Maiale
92%
Delphinus delphis Delfino
91%
Gallus gallus domesticus Gallina
87%
Bos taurus Toro
87%
Capra ibex Stambecco
44%
Equus quagga Zebra
38%
Lepidoptera Linnaeus Farfalla/Falena
37%
Mustela erminea Ermellino
31%
Chiroptera Blumenbach Pipistrello
19%
Hirundo rustica Rondine
15%
Sciurus vulgaris Scoiattolo
15%
Pan troglodytes Scimpanzè
14%
Macropus giganteus Canguro
11%
Nessun quiz corrispondente trovato
Distribuzione punteggi
Percentuale di utenti per punteggio
Percentile per numero di risposta
I tuoi punteggi nel tempo
Non hai fatto questo quiz